Normal view
MARC view
Entry Topical Term
001 - CONTROL NUMBER
- control field: 44746
003 - CONTROL NUMBER IDENTIFIER
- control field: OSt
005 - DATE AND TIME OF LATEST TRANSACTION
- control field: 20160311113419.0
008 - FIXED-LENGTH DATA ELEMENTS
- fixed length control field: 160311|| aca||aabn | a|a d
040 ## - CATALOGING SOURCE
- Original cataloging agency: OSt
- Transcribing agency: OSt
150 ## - HEADING--TOPICAL TERM
- Topical term or geographic name entry element: Stories
670 ## - SOURCE DATA FOUND
- Source citation: Work cat.: (OSt)27702: गुप्त श्री मेवाराम 44745, भारतीय स्वतन्त्रता संग्राम के अमर शहीदों की सच्ची कहानियाॅ , 1981









